Statistics for County Seats of New York Counties

Click here to take the quiz!

General Stats

  • This quiz has been taken 10 times
  • The average score is 19 of 57

Answer Stats

CountyCounty Seat% Correct
Albany CountyAlbany
100%
Broome CountyBinghamton
100%
Erie CountyBuffalo
100%
Monroe CountyRochester
100%
Tompkins CountyIthaca
86%
Dutchess CountyPoughkeepsie
86%
Cortland CountyCortland
71%
Oswego CountyOswego
71%
Onondaga CountySyracuse
71%
Oneida CountyUtica
71%
Clinton CountyPlattsburgh
57%
Schenectady CountySchenectady
57%
Rensselaer CountyTroy
57%
Jefferson CountyWatertown
57%
Ulster County
Kingston
43%
Herkimer CountyHerkimer
43%
Columbia CountyHudson
43%
Westchester CountyWhite Plains
43%
Cayuga CountyAuburn
29%
Saratoga CountyBallston Spa
29%
Allegany CountyBelmont
29%
Ontario CountyCanandaigua
29%
Otsego CountyCooperstown
29%
Livingston CountyGeneseo
29%
Orange CountyGoshen
29%
Niagara CountyLockport
29%
Wayne CountyLyons
29%
Sullivan CountyMonticello
29%
Chenango CountyNorwich
29%
Yates CountyPenn Yan
29%
Warren CountyQueensbury
29%
Schoharie CountySchoharie
29%
Orleans CountyAlbion
14%
Genesee CountyBatavia
14%
Steuben CountyBath
14%
St. Lawrence CountyCanton
14%
Putnam CountyCarmel Hamlet
14%
Greene CountyCatskill
14%
Delaware CountyDelhi
14%
Chemung CountyElmira
14%
Hamilton CountyLake Pleasant
14%
Lewis CountyLowville
14%
Nassau CountyMineola
14%
Tioga CountyOwego
14%
Suffolk CountyRiverhead
14%
Wyoming CountyWarsaw
14%
Seneca CountyWaterloo
14%
Schuyler CountyWatkins Glen
14%
Essex CountyElizabethtown
0%
Montgomery CountyFonda
0%
Washington CountyFort Edward
0%
Fulton CountyJohnstown
0%
Cattaraugus CountyLittle Valley
0%
Franklin CountyMalone
0%
Chautauqua CountyMayville
0%
Rockland CountyNew City
0%
Madison CountyWampsville
0%

Score Distribution

Percentile by Number Answered

Percent of People with Each Score

Your Score History

You have not taken this quiz